Inside No. 9 Episodes - Statistics

General Stats
  • This quiz has been taken 623 times
    334 since last reset
  • The average score is 40 of 55
Answer Stats
Episode % Correct
Sardines
100%
A Quiet Night In
96%
Tom & Gerri
92%
Last Gasp
91%
The 12 Days of Christine
89%
The Harrowing
88%
Dead Line
83%
The Understudy
83%
Wise Owl
81%
La Couchette
80%
Bernie Clifton's Dressing Room
79%
Boo to a Goose
79%
Cold Comfort
79%
Plodding On
78%
The Devil of Christmas
78%
Diddle Diddle Dumpling
77%
Merrily, Merrily
77%
Mr King
77%
Mulberry Close
77%
Nana's Party
77%
To Have and to Hold
77%
The Stakeout
76%
Zanzibar
73%
Empty Orchestra
71%
Once Removed
71%
The Curse of the Ninth
71%
The Last Weekend
71%
The Referee's a W***er
71%
The Trial of Elizabeth Gadge
71%
CTRL, ALT, ESC
70%
Nine Lives Kat
70%
Séance Time
70%
The Bill
70%
The Riddle of the Sphinx
70%
The Trolley Problem
70%
Wuthering Heist
70%
Love's Great Adventure
69%
3 by 3
68%
Misdirection
67%
Private View
67%
The Bones of St Nicholas
67%
Kid/Nap
66%
Last Night at the Proms
65%
Death Be Not Proud
64%
Simon Says
64%
Lip Service
63%
Tempting Fate
60%
A Random Act of Kindness
59%
And the Winner Is...
58%
Thinking Out Loud
58%
How Do You Plead?
57%
Mother's Ruin
54%
Hurry Up and Wait
52%
Love Is a Stranger
50%
Paraskevidekatriaphobia
50%
No matching quizzes found
Score Distribution
Percent of People with Each Score
Percentile by Number Answered
Your Score History
You have not taken this quiz since the last reset